Tous les mots contenant amine - Statistiques

Statistiques générales
  • Ce quiz a été pris 30 fois
  • Le résultat moyen est 6 sur 120
Statistiques - réponses
Premières lettres Réponse % Correct
AM amine
71%
KE ketamine
38%
DO dopamine
33%
ET etamine
29%
VERBE laminer
29%
AM aminee
19%
AM amphetamine
19%
GR graminee
19%
VERBE vitaminer
19%
VERBE contaminer
14%
VERBE examiner
14%
FA famine
14%
FA faramineux
14%
VERBE gaminer
14%
GA gaminerie
14%
VERBE calaminer
10%
VERBE desaminer
10%
DE devitamine
10%
DI diamine
10%
FL flamine
10%
HI histamine
10%
SU survitamine
10%
AN antidopaminergique
5%
AN antivitamine
5%
AR arylamine
5%
AU auramine
5%
BE benjamine
5%
BE benzylamine
5%
BI bioamine
5%
BR brompheniramine
5%
CA cardamine
5%
CA catecholamine
5%
CA catecholaminergique
5%
CH chlorpheniramine
5%
CH cholestyramine
5%
CO condamine
5%
VERBE decalaminer
5%
VERBE decontaminer
5%
DE devitaminee
5%
DE dexchlorpheniramine
5%
DI dihydroergotamine
5%
DO dobutamine
5%
DO dopaminergique
5%
ER ergotamine
5%
ES estaminet
5%
ET ethylamine
5%
FA faramineuse
5%
FO foramine
5%
GL glutamine
5%
LA lamineur
5%
ME melamine
5%
ME methylamine
5%
MO monoamine
5%
NI nitrosamine
5%
PH pharamineuse
5%
PH pharamineux
5%
VERBE reexaminer
5%
TH thiamine
5%
TY tyramine
5%
BA balsamine
0%
BE betalactamine
0%
CH chloramine
0%
CH chlorphenamine
0%
CL clomipramine
0%
CO cobalamine
0%
CO coramine
0%
CR cramine
0%
CY cyanocobalamine
0%
CY cyclohexylamine
0%
DE desipramine
0%
DI dimethyltryptamine
0%
DI diphenhydramine
0%
DI diphenylamine
0%
DO doxylamine
0%
ET ethanolamine
0%
ET ethylenediamine
0%
FL fluvoxamine
0%
FO foraminee
0%
GA galactosamine
0%
GA galantamine
0%
GA gallamine
0%
GE gewurztraminer
0%
GL glucosamine
0%
GR gramineen
0%
GR gramineenne
0%
HE hexamethylenediamine
0%
HE hexosamine
0%
HI histaminergique
0%
HY hydroxocobalamine
0%
HY hydroxylamine
0%
HY hyoscyamine
0%
IM imipramine
0%
IS isopropylamine
0%
LA laminectomie
0%
LA lamineuse
0%
LA lamineux
0%
ME melaminee
0%
ME methamphetamine
0%
NA naphtylamine
0%
PA paraphenylenediamine
0%
PE peccamineuse
0%
PE peccamineux
0%
PH pheniramine
0%
PH phenylethylamine
0%
PH phosphatidylethanolamine
0%
PO polyamine
0%
PO polyvitamine
0%
PR prolamine
0%
PR propylamine
0%
PR protamine
0%
PR provitamine
0%
RH rhodamine
0%
SC scopolamine
0%
ST stamine
0%
ST staminee
0%
SU survitaminee
0%
TR traminer
0%
TR trimethylamine
0%
TR tryptamine
0%
VI vincamine
0%
Aucun quiz correspondant
Distribution des résultats
% des personnes avec chaque résultat
Percentile par nombre de réponses
Votre historique - résultats
Vous n’avez pas pris ce quiz